000 00553nam a2200217 a 4500
001 nice12345678
003 IN_TiNIC
005 20260116014216.0
008 070412s2002 dela grp 000 0 eng
020 _a8178291711
_c395
082 0 0 _a330
_bFIS
100 _aFisher, Thomas
245 _aBeyond Micro-Credit
_bputting Develompent Bank into Micro-Finance
260 _aDelhi
_bSage Pub
_c2002
300 _a390p
500 _aincludes index and biblioraphy
650 _aEconomics
902 _bSRS
942 _cBK
999 _c14333
_d14333